Catálogo
 En Linea

El banquero y su responsabilidad / (Registro nro. 37625)

Detalles MARC
000 -CABECERA
campo de control de longitud fija 00429nam a2200133 a 4500
001 - NÚMERO DE CONTROL
campo de control 000038135
005 - FECHA Y HORA DE LA ÚLTIMA TRANSACCIÓN
campo de control 20201002031200.0
008 - DATOS DE LONGITUD FIJA--INFORMACIÓN GENERAL
campo de control de longitud fija 130315s1990 dr c 000 0 spa d
040 ## - FUENTE DE LA CATALOGACIÓN
Centro catalogador/agencia de origen DO-SdBNP
Lengua de catalogación spa
Centro/agencia transcriptor BNPHU
100 1# - ENTRADA PRINCIPAL--NOMBRE DE PERSONA
Nombre de persona Grullón E., Alejandro E.
9 (RLIN) 44329
245 13 - MENCIÓN DE TÍTULO
Título El banquero y su responsabilidad /
Mención de responsabilidad, etc. Alejandro E. Grullón E.
260 ## - PUBLICACIÓN, DISTRIBUCIÓN, ETC.
Lugar de publicación, distribución, etc. Santo Domingo :
Nombre del editor, distribuidor, etc. Grupo Financiero Popular,
Fecha de publicación, distribución, etc. 1990.
300 ## - DESCRIPCIÓN FÍSICA
Extensión 20 p. :
Otras características físicas retrs. ;
Dimensiones 22 c.
Existencias
Estado de retiro Estado de pérdida No para préstamo Código de colección Localización permanente Ubicación/localización actual Ubicación en estantería Fecha de adquisición Número de inventario Total de préstamos Signatura topográfica completa Código de barras Fecha visto por última vez Precio válido a partir de Tipo de ítem Koha Número de copia
    Excluido de préstamo Patrimonio Dominicano Patrimonio Dominicano Patrimonio Dominicano En catalogación 15.03.2013 LF1   38135-10 25.06.2020 25.06.2020 Libro y Folleto Colección Patrimonio Dominicano  
    Excluido de préstamo Patrimonio Dominicano Patrimonio Dominicano Patrimonio Dominicano En catalogación 08.05.2013 LF1   38135-20 25.06.2020 25.06.2020 Libro y Folleto Colección Patrimonio Dominicano e. 2
    Excluido de préstamo Dominicana de Servicio Patrimonio Dominicano Patrimonio Dominicano En catalogación 15.07.2013 LF1   38135-30 25.06.2020 25.06.2020 Libro y Folleto Colección Dominicana de Servicio e. 3

Con tecnología Koha